Statistiken für Länder, die die Vereinigten Staaten am häufigsten besuchen

Klicken Sie hier um das Quiz zu spielen!

Allgemein

  • Dieses Quiz wurde 1,577 mal gespielt
  • Das Durchschnittsergebnis liegt bei 14 aus 18

Antwortstatistiken

# Besucher Land % Korrekt
2.21 Mio.Deutschland
99%
19.2 Mio.Mexiko
97%
11.7 Mio.Kanada
97%
2.31 Mio.China
96%
1.92 Mio.Frankreich
95%
954 Tsd.Spanien
94%
3.75 Mio.Japan
93%
4.69 Mio.Vereinigtes Königreich
91%
1.23 Mio.Italien
90%
2.38 Mio.Brasilien
90%
1.40 Mio.Australien
86%
1.18 Mio.Indien
75%
766 Tsd.Argentinien
75%
1.74 Mio.Südkorea
59%
928 Tsd.Kolumbien
57%
682 Tsd.Schweden
57%
749 Tsd.Niederlande
49%
745 Tsd.Venezuela
42%

Verteilung der Resultate

Perzentil nach korrekt beantworteten Fragen

Anzahl Personen mit jedem Resultat

Ihre Resultats-Entwicklung

Sie haben dieses Quiz noch nicht gespielt